ARRUPE JESUIT UNIVERSITY

CORONAVIRUS -STOP THE SPREAD - CLEAN,DISINFECT,COVER

Francophone sub-Saharan Africa, 1880-1985 / (Record no. 99198)

MARC details
000 -LEADER
fixed length control field 01271cam a2200313 a 4500
001 - CONTROL NUMBER
control field 3841394
003 - CONTROL NUMBER IDENTIFIER
control field ARRUPE
005 - DATE AND TIME OF LATEST TRANSACTION
control field 20170614105603.0
008 - FIXED-LENGTH DATA ELEMENTS--GENERAL INFORMATION
fixed length control field 870914s1988 enka b 001 0 eng
010 ## - LIBRARY OF CONGRESS CONTROL NUMBER
LC control number 87026550
020 ## - INTERNATIONAL STANDARD BOOK NUMBER
International Standard Book Number 0521330246
020 ## - INTERNATIONAL STANDARD BOOK NUMBER
International Standard Book Number 0521338867 (pbk.)
040 ## - CATALOGING SOURCE
Original cataloging agency DLC
Transcribing agency DLC
Modifying agency DLC
043 ## - GEOGRAPHIC AREA CODE
Geographic area code fq-----
-- fw-----
050 00 - LIBRARY OF CONGRESS CALL NUMBER
Classification number DT532.5
Item number .M36 1988
082 00 - DEWEY DECIMAL CLASSIFICATION NUMBER
Classification number 966/.0097541
Edition number 19
300 ## - PHYSICAL DESCRIPTION
Other physical details ill. ;
Dimensions 24 cm.
100 1# - MAIN ENTRY--PERSONAL NAME
Personal name Manning, Patrick,
Dates associated with a name 1941-
9 (RLIN) 32577
245 10 - TITLE STATEMENT
Title Francophone sub-Saharan Africa, 1880-1985 /
Statement of responsibility, etc Patrick Manning.
260 ## - PUBLICATION, DISTRIBUTION, ETC. (IMPRINT)
Place of publication, distribution, etc Cambridge [England] ;
-- New York :
Name of publisher, distributor, etc Cambridge University Press,
Date of publication, distribution, etc 1988.
300 ## - PHYSICAL DESCRIPTION
Extent viii, 215 p. :
500 ## - GENERAL NOTE
General note Includes index.
504 ## - BIBLIOGRAPHY, ETC. NOTE
Bibliography, etc Bibliography: p. [200]-205.
651 #0 - SUBJECT ADDED ENTRY--GEOGRAPHIC NAME
Geographic name Africa, French-speaking Equatorial
General subdivision History
Chronological subdivision 1884-1960.
9 (RLIN) 32578
651 #0 - SUBJECT ADDED ENTRY--GEOGRAPHIC NAME
Geographic name Africa, French-speaking Equatorial
General subdivision History
Chronological subdivision 1960-
9 (RLIN) 32579
651 #0 - SUBJECT ADDED ENTRY--GEOGRAPHIC NAME
Geographic name Africa, French-speaking West
General subdivision History
Chronological subdivision 1884-1960.
9 (RLIN) 32580
651 #0 - SUBJECT ADDED ENTRY--GEOGRAPHIC NAME
Geographic name Africa, French-speaking West
General subdivision History
Chronological subdivision 1960-
9 (RLIN) 32581
906 ## - LOCAL DATA ELEMENT F, LDF (RLIN)
a 7
b cbc
c orignew
d 1
e ocip
f 19
g y-gencatlg
942 ## - ADDED ENTRY ELEMENTS (KOHA)
Source of classification or shelving scheme Library of Congress Classification
Koha item type Monograph ( Printed materials)
Holdings
Withdrawn status Lost status Source of classification or shelving scheme Damaged status Not for loan Collection code Home library Current library Shelving location Date acquired Total Checkouts Full call number Barcode Date last seen Date checked out Copy number Price effective from Koha item type
    Library of Congress Classification     Main Collection ARRUPE LIBRARY ARRUPE LIBRARY   07/03/2013 1 DT532.5.M36 1988 46003094141 07/12/2017 05/02/2014 1 07/03/2013 Monograph ( Printed materials)

 

Arrupe Library. PO Box MP320 Mt Pleasant, Harare, Zimbabwe
263 242 745411|librarian@aju.ac.zw